Statistics for Top 5 NBA Playoff Points Leaders

Click here to take the quiz!

General Stats

  • This quiz has been taken 56 times
  • The average score is 4 of 5

Answer Stats

PointsPlayer% Correct
5987Michael Jordan
100%
6555*LeBron James
98%
5762Kareem Abdul-Jabbar
80%
5640Kobe Bryant
77%
5250Shaquille O'Neal
68%

Score Distribution

Percentile by Number Answered

Percent of People with Each Score

Your Score History

You have not taken this quiz